Estadísticas para Matemáticas rápidas: ¡duplica ese número!

Haz click aquí para intentar la prueba.

Estadísticas generales

  • Esta prueba ha sido intentada 407 veces
  • La puntuación promedio es 12 de 20

Estadísticas de respuestas

númerodoble% Correcto
510
100%
50100
100%
5011002
100%
5041008
100%
5061012
100%
5081016
100%
5101020
100%
5111022
100%
5121024
100%
5131026
100%
5141028
100%
5161032
100%
5181036
100%
5201040
100%
5211042
100%
5251050
100%
5261052
100%
5281056
100%
5291058
100%
5321064
100%
54108
100%
5401080
100%
5431086
100%
5461092
100%
5471094
100%
5501100
100%
56112
100%
5691138
100%
57114
100%
58116
100%
5831166
100%
5841168
100%
5971194
100%
5981196
100%
612
100%
60120
100%
6031206
100%
6061212
100%
6071214
100%
61122
100%
6101220
100%
6121224
100%
6131226
100%
6151230
100%
6161232
100%
6181236
100%
6191238
100%
6221244
100%
6231246
100%
6241248
100%
6271254
100%
6291258
100%
63126
100%
6301260
100%
6311262
100%
6321264
100%
6411282
100%
6441288
100%
6461292
100%
6471294
100%
6491298
100%
65130
100%
6501300
100%
6511302
100%
6571314
100%
6631326
100%
6701340
100%
6721344
100%
6751350
100%
6791358
100%
6801360
100%
6901380
100%
714
100%
70140
100%
7001400
100%
7031406
100%
7081416
100%
71142
100%
7101420
100%
7141428
100%
7201440
100%
7251450
100%
7321464
100%
7381476
100%
74148
100%
7421484
100%
7431486
100%
7441488
100%
7451490
100%
75150
100%
76152
100%
7601520
100%
7631526
100%
7641528
100%
7701540
100%
7751550
100%
7801560
100%
7811562
100%
7861572
100%
7871574
100%
816
100%
80160
100%
8011602
100%
8021604
100%
8031606
100%
8051610
100%
8061612
100%
8131626
100%
8141628
100%
8181636
100%
8231646
100%
8251650
100%
8281656
100%
8291658
100%
8401680
100%
8431686
100%
8461692
100%
8481696
100%
8521704
100%
8531706
100%
8541708
100%
8571714
100%
86172
100%
8611722
100%
8791758
100%
88176
100%
8821764
100%
8851770
100%
89178
100%
8981796
100%
90180
100%
9011802
100%
9021804
100%
9041808
100%
9051810
100%
9061812
100%
9081816
100%
9091818
100%
91182
100%
9101820
100%
9121824
100%
9141828
100%
9151830
100%
9161832
100%
9191838
100%
9221844
100%
9231846
100%
9271854
100%
9311862
100%
9341868
100%
94188
100%
9411882
100%
9431886
100%
9451890
100%
9531906
100%
96192
100%
9611922
100%
9621924
100%
9791958
100%
98196
100%
9811962
100%
9851970
100%
9901980
100%
9911982
100%
9921984
100%
1020
100%
100200
100%
101202
100%
102204
100%
103206
100%
105210
100%
107214
100%
1122
100%
112224
100%
113226
100%
115230
100%
117234
100%
119238
100%
120240
100%
123246
100%
124248
100%
125250
100%
1326
100%
130260
100%
133266
100%
139278
100%
1428
100%
140280
100%
141282
100%
142284
100%
144288
100%
147294
100%
1530
100%
150300
100%
151302
100%
154308
100%
156312
100%
160320
100%
161322
100%
162324
100%
167334
100%
169338
100%
1734
100%
170340
100%
171342
100%
175350
100%
1836
100%
183366
100%
184368
100%
186372
100%
188376
100%
189378
100%
1938
100%
190380
100%
2040
100%
200400
100%
202404
100%
204408
100%
205410
100%
211422
100%
212424
100%
213426
100%
214428
100%
217434
100%
2244
100%
220440
100%
222444
100%
229458
100%
234468
100%
235470
100%
236472
100%
238476
100%
240480
100%
241482
100%
242484
100%
244488
100%
246492
100%
249498
100%
2550
100%
258516
100%
2652
100%
265530
100%
268536
100%
2754
100%
270540
100%
273546
100%
275550
100%
277554
100%
2856
100%
280560
100%
282564
100%
287574
100%
2958
100%
292584
100%
296592
100%
297594
100%
3060
100%
300600
100%
301602
100%
302604
100%
303606
100%
304608
100%
305610
100%
306612
100%
3162
100%
310620
100%
311622
100%
314628
100%
315630
100%
320640
100%
321642
100%
322644
100%
323646
100%
324648
100%
325650
100%
3366
100%
331662
100%
332664
100%
338676
100%
3468
100%
343686
100%
345690
100%
349698
100%
3570
100%
350700
100%
351702
100%
353706
100%
354708
100%
361722
100%
365730
100%
369738
100%
3774
100%
372744
100%
375750
100%
376752
100%
3876
100%
380760
100%
381762
100%
385770
100%
3978
100%
390780
100%
393786
100%
394788
100%
398796
100%
4080
100%
400800
100%
402804
100%
407814
100%
409818
100%
411822
100%
414828
100%
419838
100%
420840
100%
424848
100%
426852
100%
427854
100%
428856
100%
4386
100%
439878
100%
4488
100%
440880
100%
444888
100%
447894
100%
448896
100%
4590
100%
451902
100%
454908
100%
458916
100%
459918
100%
4692
100%
460920
100%
465930
100%
467934
100%
474948
100%
483966
100%
490980
100%
493986
100%
307614
86%
7051410
83%
8001600
83%
82164
83%
110220
83%
1632
83%
410820
83%
413826
83%
5991198
80%
64128
80%
81162
80%
9211842
80%
99198
80%
146292
80%
152304
80%
480960
80%
5001000
75%
5021004
75%
52104
75%
5301060
75%
5341068
75%
55110
75%
5721144
75%
6141228
75%
6391278
75%
6541308
75%
6951390
75%
7011402
75%
73146
75%
7351470
75%
7721544
75%
8081616
75%
8101620
75%
8311662
75%
8331666
75%
8831766
75%
8941788
75%
9731946
75%
9821964
75%
108216
75%
118236
75%
135270
75%
136272
75%
197394
75%
216432
75%
219438
75%
2448
75%
261522
75%
293586
75%
336672
75%
341682
75%
355710
75%
362724
75%
392784
75%
395790
75%
412824
75%
423846
75%
455910
75%
51102
67%
5411082
67%
5441088
67%
5571114
67%
5621124
67%
5731146
67%
5751150
67%
5961192
67%
6011202
67%
6091218
67%
6211242
67%
6431286
67%
6451290
67%
6581316
67%
66132
67%
6601320
67%
6831366
67%
6931386
67%
7021404
67%
7191438
67%
7221444
67%
7521504
67%
7541508
67%
7661532
67%
79158
67%
7901580
67%
8151630
67%
8161632
67%
8171634
67%
8841768
67%
918
67%
92184
67%
9201840
67%
93186
67%
9351870
67%
9361872
67%
9931986
67%
104208
67%
109218
67%
126252
67%
127254
67%
129258
67%
143286
67%
153306
67%
157314
67%
164328
67%
172344
67%
187374
67%
191382
67%
194388
67%
210420
67%
221442
67%
227454
67%
2346
67%
245490
67%
251502
67%
254508
67%
262524
67%
264528
67%
290580
67%
294588
67%
295590
67%
308616
67%
312624
67%
319638
67%
3264
67%
326652
67%
328656
67%
330660
67%
344688
67%
348696
67%
359718
67%
3672
67%
360720
67%
368736
67%
371742
67%
387774
67%
389778
67%
397794
67%
4182
67%
421842
67%
438876
67%
466932
67%
470940
67%
4998
67%
499998
67%
5481096
60%
5931186
60%
6741348
60%
6781356
60%
7151430
60%
7171434
60%
7981596
60%
8861772
60%
9701940
60%
128256
60%
209418
60%
243486
60%
255510
60%
347694
60%
8551710
57%
309618
56%
5051010
50%
5071014
50%
5091018
50%
5171034
50%
5191038
50%
5241048
50%
5311062
50%
5351070
50%
5361072
50%
5391078
50%
5511102
50%
5561112
50%
5591118
50%
5601120
50%
5611122
50%
5821164
50%
5861172
50%
59118
50%
5921184
50%
5941188
50%
5951190
50%
6001200
50%
6051210
50%
6081216
50%
6171234
50%
6201240
50%
6251250
50%
6341268
50%
6351270
50%
6361272
50%
6401280
50%
6521304
50%
6531306
50%
6611322
50%
6681336
50%
67134
50%
6711342
50%
6731346
50%
6891378
50%
6921384
50%
6941388
50%
6961392
50%
6991398
50%
7061412
50%
7091418
50%
7231446
50%
7241448
50%
7271454
50%
7281456
50%
7331466
50%
7341468
50%
7501500
50%
7551510
50%
7571514
50%
7691538
50%
77154
50%
7741548
50%
7831566
50%
7841568
50%
7881576
50%
7991598
50%
8041608
50%
8071614
50%
8091618
50%
8211642
50%
83166
50%
8351670
50%
84168
50%
8421684
50%
8601720
50%
8651730
50%
8711742
50%
8741748
50%
8771754
50%
8811762
50%
8871774
50%
8891778
50%
8911782
50%
8921784
50%
9031806
50%
9171834
50%
9331866
50%
9371874
50%
9441888
50%
9461892
50%
95190
50%
9511902
50%
9541908
50%
9551910
50%
9591918
50%
9711942
50%
9841968
50%
9881976
50%
106212
50%
111222
50%
114228
50%
116232
50%
121242
50%
145290
50%
155310
50%
166332
50%
168336
50%
173346
50%
179358
50%
185370
50%
192384
50%
195390
50%
201402
50%
206412
50%
207414
50%
215430
50%
225450
50%
230460
50%
233466
50%
239478
50%
253506
50%
259518
50%
267534
50%
279558
50%
288576
50%
317634
50%
318636
50%
335670
50%
337674
50%
339678
50%
352704
50%
363726
50%
364728
50%
367734
50%
373746
50%
396792
50%
401802
50%
408816
50%
416832
50%
4284
50%
425850
50%
431862
50%
435870
50%
437874
50%
445890
50%
449898
50%
457914
50%
461922
50%
462924
50%
464928
50%
475950
50%
478956
50%
4896
50%
481962
50%
485970
50%
486972
50%
489978
50%
491982
50%
492984
50%
494988
50%
496992
50%
497994
50%
5641128
43%
8511702
43%
177354
43%
5661132
40%
6811362
40%
6871374
40%
7401480
40%
7511502
40%
9401880
40%
9941988
40%
274548
40%
5331066
33%
5371074
33%
5531106
33%
5541108
33%
5651130
33%
5681136
33%
5761152
33%
5781156
33%
5811162
33%
5881176
33%
6261252
33%
6331266
33%
6381276
33%
6421284
33%
6551310
33%
6591318
33%
6621324
33%
6981396
33%
7161432
33%
72144
33%
7211442
33%
7261452
33%
7371474
33%
7391478
33%
7671534
33%
7731546
33%
7921584
33%
7931586
33%
7951590
33%
8321664
33%
8361672
33%
8501700
33%
8671734
33%
8701740
33%
8721744
33%
8781756
33%
8881776
33%
9671934
33%
9681936
33%
9741948
33%
9831966
33%
180360
33%
196392
33%
250500
33%
257514
33%
269538
33%
286572
33%
289578
33%
299598
33%
366732
33%
379758
33%
391782
33%
399798
33%
422844
33%
477954
33%
479958
33%
484968
33%
5671134
29%
298596
29%
6041208
25%
6671334
25%
6861372
25%
6881376
25%
7301460
25%
7411482
25%
8191638
25%
8621724
25%
8661732
25%
9381876
25%
9421884
25%
9481896
25%
9761952
25%
266532
25%
283566
25%
333666
25%
357714
25%
388776
25%
434868
25%
452904
25%
453906
25%
482964
25%
5381076
20%
7711542
20%
237474
20%
313626
20%
471942
20%
6481296
17%
7471494
17%
5031006
0%
5151030
0%
5221044
0%
5231046
0%
5271054
0%
53106
0%
5421084
0%
5451090
0%
5491098
0%
5521104
0%
5551110
0%
5581116
0%
5631126
0%
5701140
0%
5711142
0%
5741148
0%
5771154
0%
5791158
0%
5801160
0%
5851170
0%
5871174
0%
5891178
0%
5901180
0%
5911182
0%
6021204
0%
6111222
0%
62124
0%
6281256
0%
6371274
0%
6561312
0%
6641328
0%
6651330
0%
6661332
0%
6691338
0%
6761352
0%
6771354
0%
68136
0%
6821364
0%
6841368
0%
6851370
0%
69138
0%
6911382
0%
6971394
0%
7041408
0%
7071414
0%
7111422
0%
7121424
0%
7131426
0%
7181436
0%
7291458
0%
7311462
0%
7361472
0%
7461492
0%
7481496
0%
7491498
0%
7531506
0%
7561512
0%
7581516
0%
7591518
0%
7611522
0%
7621524
0%
7651530
0%
7681536
0%
7761552
0%
7771554
0%
7781556
0%
7791558
0%
78156
0%
7821564
0%
7851570
0%
7891578
0%
7911582
0%
7941588
0%
7961592
0%
7971594
0%
8111622
0%
8121624
0%
8201640
0%
8221644
0%
8241648
0%
8261652
0%
8271654
0%
8301660
0%
8341668
0%
8371674
0%
8381676
0%
8391678
0%
8411682
0%
8441688
0%
8451690
0%
8471694
0%
8491698
0%
85170
0%
8561712
0%
8581716
0%
8591718
0%
8631726
0%
8641728
0%
8681736
0%
8691738
0%
87174
0%
8731746
0%
8751750
0%
8761752
0%
8801760
0%
8901780
0%
8931786
0%
8951790
0%
8961792
0%
8971794
0%
8991798
0%
9001800
0%
9071814
0%
9111822
0%
9131826
0%
9181836
0%
9241848
0%
9251850
0%
9261852
0%
9281856
0%
9291858
0%
9301860
0%
9321864
0%
9391878
0%
9471894
0%
9491898
0%
9501900
0%
9521904
0%
9561912
0%
9571914
0%
9581916
0%
9601920
0%
9631926
0%
9641928
0%
9651930
0%
9661932
0%
9691938
0%
97194
0%
9721944
0%
9751950
0%
9771954
0%
9781956
0%
9801960
0%
9861972
0%
9871974
0%
9891978
0%
1224
0%
122244
0%
131262
0%
132264
0%
134268
0%
137274
0%
138276
0%
148296
0%
149298
0%
158316
0%
159318
0%
163326
0%
165330
0%
174348
0%
176352
0%
178356
0%
181362
0%
182364
0%
193386
0%
198396
0%
199398
0%
203406
0%
208416
0%
2142
0%
218436
0%
223446
0%
224448
0%
226452
0%
228456
0%
231462
0%
232464
0%
247494
0%
248496
0%
252504
0%
256512
0%
260520
0%
263526
0%
271542
0%
272544
0%
276552
0%
278556
0%
281562
0%
284568
0%
285570
0%
291582
0%
316632
0%
327654
0%
329658
0%
334668
0%
340680
0%
342684
0%
346692
0%
356712
0%
358716
0%
370740
0%
374748
0%
377754
0%
378756
0%
382764
0%
383766
0%
384768
0%
386772
0%
403806
0%
404808
0%
405810
0%
406812
0%
415830
0%
417834
0%
418836
0%
429858
0%
430860
0%
432864
0%
433866
0%
436872
0%
441882
0%
442884
0%
443886
0%
446892
0%
450900
0%
456912
0%
463926
0%
468936
0%
469938
0%
4794
0%
472944
0%
473946
0%
476952
0%
487974
0%
488976
0%
495990
0%
498996
0%

Distribución de puntuación

Porcentaje por número respondido

Porcentaje de gente con cada puntuación

Historial de tus puntuaciones

No has intentado esta prueba.